La trayectoria poética de Garcilaso

Kaydedildi:
Detaylı Bibliyografya
Yazar: Lapesa, Rafael
Materyal Türü: Kitap
Dil:Undetermined
Baskı/Yayın Bilgisi: Madrid, España Alianza 1985
Konular:
Etiketler: Etiketle
Etiket eklenmemiş, İlk siz ekleyin!

MARC

LEADER 00000nam a2200000Ia 4500
008 170316s9999 xx 000 0 und d
040 |a cru BVZT 
090 |a C-862 L-1t 
100 |a Lapesa, Rafael 
245 |a La trayectoria poética de Garcilaso 
260 |a Madrid, España 
260 |b Alianza 
260 |c 1985 
300 |a 233 páginas 
650 |a LITERATURA ESPAÑOLA 
650 |a CRÍTICA 
999 |c 13148  |d 13148 
942 |c 15 D  |h C-862 L-1t  |2 z